Emerging communication technologies and the society / (Record no. 182516)

000 -LEADER
fixed length control field 01068 a2200217 4500
003 - CONTROL NUMBER IDENTIFIER
control field Nust
005 - DATE AND TIME OF LATEST TRANSACTION
control field 20170207153244.0
010 ## - LIBRARY OF CONGRESS CONTROL NUMBER
LC control number 99952867
020 ## - INTERNATIONAL STANDARD BOOK NUMBER
International Standard Book Number 817319341X
035 ## - SYSTEM CONTROL NUMBER
System control number (DLC) 99952867
040 ## - CATALOGING SOURCE
Transcribing agency Nust
082 00 - DEWEY DECIMAL CLASSIFICATION NUMBER
Classification number 621.382
245 00 - TITLE STATEMENT
Title Emerging communication technologies and the society /
Statement of responsibility, etc. edited by N. Balakrishnan.
260 ## - PUBLICATION, DISTRIBUTION, ETC.
Place of publication, distribution, etc. New Delhi :
Name of publisher, distributor, etc. Narosa Pub. House,
Date of publication, distribution, etc. c2000.
300 ## - PHYSICAL DESCRIPTION
Extent xvi, 132 p. ;
Dimensions 23 cm.
505 ## - FORMATTED CONTENTS NOTE
Formatted contents note Lightwave Communications (Page-1), Future Fiber Optic Networking (Page-9), Indian Telecom And Internet Tangel (Page-29), Satellite Communications And Its Impact On Society (Page-43), Internet Packet Transport (Page-63), The Universal Digital Library (Page-83), Adaptive Network Load Models To Cope With Multimedia Induced Network Dynamics (Page-95), The Net-University (Page-109), CHOIS For Disseminating Infotainment/ Internet In Indian Society (Page-127).
538 ## - SYSTEM DETAILS NOTE
System details note Almirah No.36 Shelf No.4
650 #0 - SUBJECT ADDED ENTRY--TOPICAL TERM
Topical term or geographic name entry element Telecommunications engineering.
700 1# - ADDED ENTRY--PERSONAL NAME
Personal name Balakrishnan, N.
710 2# - ADDED ENTRY--CORPORATE NAME
Corporate name or jurisdiction name as entry element Indian national Science Academy.
942 ## - ADDED ENTRY ELEMENTS (KOHA)
Source of classification or shelving scheme
Koha item type Book
Holdings
Withdrawn status Lost status Source of classification or shelving scheme Damaged status Not for loan Collection code Permanent Location Current Location Date acquired Total Checkouts Full call number Barcode Date last seen Price effective from Koha item type
            Military College of Signals (MCS) Military College of Signals (MCS) 12/12/2016   621.382 EME MCS28189 12/08/2016 12/12/2016 Book
© 2023 Central Library, National University of Sciences and Technology. All Rights Reserved.